FIRST Robotics (FRC) Seasons - Statistics

General Stats
  • This quiz has been taken 87 times
  • The average score is 12 of 33
Answer Stats
Answer % Correct
Reefscape
94%
Charged Up
92%
Crescendo
89%
FIRST Steamworks
74%
Recycle Rush
70%
FIRST Power Up
68%
FIRST Stronghold
68%
Rapid React
68%
Destination: Deep Space
66%
Infinite Recharge
60%
Aerial Assist
53%
Lunacy
38%
Maize Craze
38%
Ultimate Ascent
38%
Logo Motion
32%
Rebound Rumble
28%
FIRST Overdrive
25%
Aim High
23%
Rack N' Roll
19%
Breakaway
17%
Double Trouble
17%
Tower Power
13%
Triple Play
13%
Stack Attack
11%
FIRST Frenzy
9%
Rug Rage
9%
Toroid Terror
9%
Zone Zeal
9%
Co-operation FIRST
8%
Diabolical Dynamics
8%
Hexagon Havoc
8%
Ramp N' Roll
8%
Ladder Logic
6%
No matching quizzes found
Score Distribution
Percent of People with Each Score
Percentile by Number Answered
Your Score History
You have not taken this quiz